BG3 - Statistics

General Stats
  • This quiz has been taken 38 times
  • The average score is 23 of 45
Answer Stats
Hint Answer % Correct
Alfira's class Bard
92%
Best Boy in the Realms Scratch
92%
Amount of camp supplies needed to take a full rest in Balanced 40
88%
Astarion's master Cazador Szarr
85%
Myrkul's Chosen Ketheric Thorm
85%
Animal that can join your camp and the final battle Owlbear cub
85%
Lae'zel's race (full) githyanki
81%
First Druid in Halsin's absence Kagha
81%
Ultimate villain Netherbrain
81%
He will join you with the Drow twins even if not romanced Halsin
77%
Gale's pet (name) Tara
77%
Ruler of the Avernus Zariel
77%
Jaheira's society of renegades Harpers
73%
Three of these are required to control the elder brain Netherstone(s)
73%
Bhaal's Chosen Orin the Red / Dark Urge
73%
Gortash's first name Enver
69%
Scribe of the Dead Jergal / Withers
65%
Warlock casting modifier Charisma
62%
Gale's last name Dekarios
62%
Wyll's last name Ravengard
62%
Bane's Chosen Enver Gortash
58%
"Was that Gale's _______?" -Karlach, about Elminster granddad
58%
Karlach's mechanic Dammon
54%
Orpheus's class Monk
54%
Gale's pet (species) Tressym
54%
Anagram of Raphael, encountered in the House of Hope Haarlep
46%
Shadowheart's first name Jenevelle
46%
The usually derogatory gith term for a non-gith being istik
42%
Karlach's last name Cliffgate
38%
Lae'zel's creche K'liir
38%
"I have a cat, a _____, and a weakness for a glass of fine wine." -Gale library
38%
Friendly mind flayer trapped in Iron Throne Omeluum
38%
Shadowheart's last name Hallowleaf
31%
Myconid sovereign Spaw
31%
Worshipper of Loviatar Abdirak
23%
"What in the Sweet Hells were you thinking, _______ ___ _____? I was RIGHT THERE!" -Astarion activating that lance
23%
Astarion's last name Ancunin
23%
Roah Moonglow's illegal trade ring The Zhentarim
23%
Early Access version of Dream Guardian Daisy
15%
The book explaining the Crown's importance The Annals of Karsus
15%
The mouse smiled brightly... It outfoxed the cat
12%
Minsc's homeland Rashemen
12%
Where Minsc is eventually found The Counting House
12%
Karlach's friend in the city (arms dealer) Fytz the Firecracker
8%
Halsin's last name Silverbough
4%
No matching quizzes found
Score Distribution
Percent of People with Each Score
Percentile by Number Answered
Your Score History
You have not taken this quiz